|
|
|
|
| LEADER |
00000cam a2200000 a 4500 |
| 001 |
vtls001058364 |
| 003 |
SK-MaSNL |
| 005 |
20260301152750.0 |
| 008 |
240226s1995 xo g 000 p slo |
| 015 |
|
|
|a SNBA1995/0701914
|
| 020 |
|
|
|a 8088704065
|
| 035 |
|
|
|a SNK000001180
|
| 035 |
|
|
|a urn:nbn:sk:snk-amjagc
|
| 035 |
|
|
|a urn:nbn:sk:snk-am003naf
|
| 035 |
|
|
|a 22FB21B7-086E-48F8-91F1-18C1764F8F4B
|
| 040 |
|
|
|a SNK
|b slo
|c SNK
|e AACR2
|
| 041 |
0 |
|
|a slo
|
| 044 |
|
|
|a xo
|c SK
|
| 080 |
|
|
|a 885.4-1
|2 1981
|
| 100 |
1 |
|
|a Brichta, Valter
|4 aut
|9 513614
|
| 245 |
1 |
0 |
|a Nepresnosť...intuície
|c Valter Brichta
|
| 260 |
|
|
|a Levoča
|b Polypress
|c 1995
|
| 300 |
|
|
|a 45 s.
|c 17 cm
|
| 655 |
|
7 |
|a slovenská poézia
|2 SNKPH
|9 70444
|
| 852 |
|
|
|a Slovenská národná knižnica
|
| 919 |
|
|
|a 80-88704-06-5
|
| 954 |
|
|
|a beletria pôvodná (slovenská)
|2 lita
|
| 958 |
|
|
|a TL
|
| 958 |
|
|
|a LX
|
| 958 |
|
|
|a OND
|
| 999 |
|
|
|c 790076
|d 792006
|
| 952 |
|
|
|t P60, <09>, [BOOK], {629}
|a SNK
|b SNK
|y NEVYP
|7 0
|o snkD 195
|i snk2097/950619
|0 0
|1 0
|4 0
|d 1995-06-15
|l 0
|r 2004-12-31 00:00:00
|w 2026-02-24
|
| 952 |
|
|
|t P60, <03>, [BOOK], {603}
|a SNK
|b SNK
|y PREZ
|7 0
|o snkSD 67221
|i snkKSP 5851/95
|0 0
|1 0
|4 0
|d 1995-06-15
|l 0
|r 2004-12-31 00:00:00
|w 2026-02-24
|
| 952 |
|
|
|t P60, <04>, [BOOK], {604}
|a SNK
|b SNK
|y VYP
|7 0
|p 17A0344658
|o snkSD 67221 D1
|i snkKSP 5852/95
|0 0
|1 0
|4 0
|d 1995-06-15
|f 1
|l 0
|r 2004-12-31 00:00:00
|w 2026-02-24
|
| 952 |
|
|
|a SNK
|b SNK
|y PREZ
|7 0
|p 17A1052991
|o snkSD 67221
|0 0
|1 0
|4 0
|d 2013-07-16
|l 0
|r 2026-02-24 01:33:31
|w 2026-02-24
|